| 000 | 00955nam a2200253Ia 4500 | ||
|---|---|---|---|
| 003 | OSt | ||
| 005 | 20221005112256.0 | ||
| 006 | a|||||r|||| 00| 0 | ||
| 007 | ta | ||
| 008 | 221004b |||||||| |||| 00| 0 pan d | ||
| 020 |
_a9788178564623 (hbk) _cINR 250.00 |
||
| 024 | _a32172 | ||
| 037 |
_b788, 27/02/2017, H.K. Prakashan _cTextual |
||
| 040 |
_aCRL _cCRL _bpan |
||
| 041 |
_2pan _apan |
||
| 082 | _aO153,1N05:g, Q6 | ||
| 100 |
_aਬ੍ਰਹਮਜਗਦੀF ਸਿੰਘ, ਂਚ. _9160088 |
||
| 245 | 0 |
_aਮੋਹਨ ਸਿੰਘ _b ਜੀਵਨ ਅਤੇ ਕਵਿਤਾ |
|
| 260 |
_aਅੰਮ੍ਰਿਤਸਰ _bਵਾਰਿF Fਾਹ ਖ਼ਾਊ੍ਵਡੇFਨ ਭਾਰਤ _c2016 |
||
| 300 |
_a160ਪ੍ਰ0 _ccm. |
||
| 650 | _a ਪੰਜਾਬੀ ਕਾਵਿ | ||
| 942 |
_hO153,1N05:g, Q6 _cTEXL _2cc |
||
| 999 |
_c1024391 _d1024391 |
||